| 000 | 00678nam a2200205 u 4500 | ||
|---|---|---|---|
| 005 | 20210223131414.0 | ||
| 008 | 101103s2003 r 000 0 eng d | ||
| 020 | _a8484913082 | ||
| 035 | _aUPN01000178388 | ||
| 049 | _aCG | ||
| 050 | 4 |
_aLB1585.5 E8 _bM3.3 |
|
| 100 | 1 | _aMarín Martínez, Nicolás | |
| 245 | 1 | 3 |
_aLa enseñanza de las ciencias en primaria / _cNicolás Marín Martínez. |
| 260 |
_aEspaña : _bGrupo Editorial Universitario, _cc2003. |
||
| 300 |
_a110 p. : _bil. |
||
| 440 | 0 |
_aDidáctica ; _v34 |
|
| 650 | 4 |
_aCIENCIA - _xESTUDIO Y ENSEÑANZA (ELEMENTAL) - _zESPAÑA _910104 |
|
| 650 | 4 |
_aMAESTROS DE CIENCIAS EN SERVICIO, FORMACION DE _9847 |
|
| 905 | _aLibro | ||
| 999 |
_c150491 _d150491 |
||